| 000 | 00832nam a22002177a 4500 | ||
|---|---|---|---|
| 003 | JO-AjAnu | ||
| 005 | 20251011121111.0 | ||
| 008 | 251011b jo ||||| |||| 00| 0 ara d | ||
| 020 | _a9789923580394 | ||
| 040 |
_aJO-AjAnu _bara _cJO-AjAnu _dJO-AjAnu _erda |
||
| 041 |
_aara _hara |
||
| 050 |
_aGV361 _b2025 |
||
| 100 | 1 |
_aالملا، فيصل حميد _eمؤلف _966734 |
|
| 245 | 0 |
_aكفايات التدريس الفعال في التربية الرياضية / _cتأليف فيصل حميد الملا |
|
| 250 | _aالطبعة الثانية | ||
| 260 |
_aعمان : _bدار الوراق للنشر والتوزيع، _c2025 |
||
| 300 | _a426 صفحة | ||
| 504 | _aيحتوي على ملخص وقائمة مراجع | ||
| 650 | 7 | 0 |
_aالتربية الرياضية- دراسة وتعليم _966735 |
| 942 |
_2lcc _cBK _n0 |
||
| 999 |
_c34035 _d34035 |
||